000
00189 a2200097 4500
001
8593
100
_a
Mufti Masood
245
_a
Salgirah
260
_a
_b
Ferozsons
_c
090
_c
6915
_d
6915
942
_a
NUST-CAE
_c
M
_c
33506
999
_c
243666
_d
243666